[Event "CZE-chT2F 2223"]
[Site "Czech Republic"]
[Date "2022.12.18"]
[Round "5"]
[White "Schoupal, Patrik"]
[Black "Cech, Tomas"]
[Result "0-1"]
[WhiteElo "1955"]
[BlackElo "2141"]
[PlyCount "64"]
[EventDate "2022.10.16"]
[EventType "team-tourn"]
[EventRounds "11"]
[EventCountry "CZE"]
[SourceTitle "EXT 2024"]
[Source "ChessBase"]
[SourceDate "2023.10.10"]
[SourceVersion "1"]
[SourceVersionDate "2023.10.10"]
[SourceQuality "1"]
[WhiteTeam "Trinec II"]
[BlackTeam "Dobra Sokol"]
[WhiteTeamCountry "CZE"]
[BlackTeamCountry "CZE"]

1. d4 d6 2. e4 Nf6 3. Nc3 g6 4. Bg5 Bg7 5. e5 dxe5 6. dxe5 Ng4 7. Qxd8+ Kxd8 8. 0-0-0+ Bd7 9. e6 fxe6 10. Nh3 h6 11. Bh4 g5 12. Be2 Ne5 13. Bg3 Nf7 14. f4 gxf4 15. Nxf4 Nd6 16. Rhe1 Nc6 17. Bg4 e5 18. Ne6+ Bxe6 19. Bxe6 h5 20. h4 Rh6 21. Bh3 Rg6 22. Ne4 Bh6+ 23. Kb1 Ke8 24. Bh2 Nxe4 25. Rxe4 Rd6 26. Rf1 Rad8 27. a3 Rd1+ 28. Rxd1 Rxd1+ 29. Ka2 Bg7 30. c3 Rd2 31. Bg1 Kf7 32. Kb1 Rd1+ 0-1

[Event "CZE-chT2F 2122"]
[Site "Czech Republic"]
[Date "2021.12.05"]
[Round "4.5"]
[White "Cech, Tomas"]
[Black "Sikorova, Olga"]
[Result "1/2-1/2"]
[WhiteElo "2166"]
[BlackElo "2167"]
[PlyCount "64"]
[EventDate "2021.10.17"]
[EventType "team-tourn"]
[EventRounds "11"]
[EventCountry "CZE"]
[SourceTitle "EXT 2024"]
[Source "ChessBase"]
[SourceDate "2023.10.10"]
[SourceVersion "1"]
[SourceVersionDate "2023.10.10"]
[SourceQuality "1"]
[WhiteTeam "Dobra Sokol"]
[BlackTeam "Trinec II"]
[WhiteTeamCountry "CZE"]
[BlackTeamCountry "CZE"]

1. d4 Nf6 2. Nf3 g6 3. g3 Bg7 4. Bg2 0-0 5. 0-0 d6 6. b3 a5 7. a4 c6 8. Bb2 Re8 9. Nbd2 Qc7 10. e4 e5 11. Re1 Bg4 12. h3 Bxf3 13. Bxf3 Nbd7 14. Nc4 Nb6 15. Nxb6 Qxb6 16. Qd3 Qc7 17. Rad1 Rad8 18. Qc4 Nd7 19. Bg2 Nb6 20. Qf1 c5 21. dxc5 dxc5 22. Qb5 Nc8 23. Bc3 b6 24. Qe2 Ne7 25. Rxd8 Rxd8 26. Rd1 Nc6 27. Rd5 Rxd5 28. exd5 Nd4 29. Qd1 Nf5 30. Qe2 Nd4 31. Qd1 Nf5 32. Qe2 Nd4 1/2-1/2

[Event "CZE-chT2F 2122"]
[Site "Czech Republic"]
[Date "2021.11.21"]
[Round "3.5"]
[White "Cech, Tomas"]
[Black "Sikora, Matous"]
[Result "0-1"]
[WhiteElo "2166"]
[BlackElo "2053"]
[PlyCount "82"]
[EventDate "2021.10.17"]
[EventType "team-tourn"]
[EventRounds "11"]
[EventCountry "CZE"]
[SourceTitle "EXT 2024"]
[Source "ChessBase"]
[SourceDate "2023.10.10"]
[SourceVersion "1"]
[SourceVersionDate "2023.10.10"]
[SourceQuality "1"]
[WhiteTeam "Dobra Sokol"]
[BlackTeam "Orlova Slavia II"]
[WhiteTeamCountry "CZE"]
[BlackTeamCountry "CZE"]

1. d4 e6 2. Nf3 Nf6 3. g3 c5 4. Bg2 Nc6 5. 0-0 cxd4 6. Nxd4 Qb6 7. Nb3 d5 8. Be3 Qc7 9. Nc3 a6 10. a4 Bb4 11. Na2 Be7 12. Rc1 b5 13. Nd4 Nxd4 14. Bxd4 Bb7 15. c3 0-0 16. Nb4 e5 17. Be3 Rfd8 18. Qb3 a5 19. Nd3 bxa4 20. Qxa4 Bc6 21. Qa2 Ng4 22. Bd2 e4 23. Ne1 Bc5 24. e3 Bb5 25. Nc2 Bxf1 26. Bxf1 Ne5 27. Nd4 Qd7 28. Kg2 h5 29. h3 a4 30. Be2 g6 31. Ra1 Bxd4 32. exd4 Nd3 33. Qb1 Qb5 34. Be3 Rdb8 35. Ra2 Qc4 36. Qa1 Rb6 37. b4 Qb5 38. f3 Re6 39. fxe4 Rxe4 40. Bxd3 Qxd3 41. Bf2 Rc8 0-1

[Event "CZE-chT2F 1819"]
[Site "Czech Republic"]
[Date "2019.03.31"]
[Round "11.6"]
[White "Vicha, Martin"]
[Black "Cech, Tomas"]
[Result "0-1"]
[WhiteElo "1975"]
[BlackElo "2157"]
[PlyCount "104"]
[EventDate "2018.10.14"]
[EventType "team-tourn"]
[EventRounds "11"]
[EventCountry "CZE"]
[SourceTitle "EXT 2022"]
[Source "ChessBase"]
[SourceDate "2021.10.06"]
[SourceVersion "1"]
[SourceVersionDate "2021.10.06"]
[SourceQuality "1"]
[WhiteTeam "Opava KVS"]
[BlackTeam "Dobra"]
[WhiteTeamCountry "CZE"]
[BlackTeamCountry "CZE"]

1. c4 d6 2. g3 Nf6 3. Bg2 c6 4. Nc3 Qc7 5. h3 e5 6. d3 Be7 7. e4 0-0 8. Nge2 a6 9. 0-0 b5 10. cxb5 axb5 11. d4 b4 12. Na4 Ba6 13. b3 Nbd7 14. Be3 Bb5 15. Nb2 exd4 16. Bxd4 Ra6 17. Qd2 c5 18. Be3 Qa7 19. Nc4 Ne5 20. Nxe5 dxe5 21. Rfe1 Ra8 22. Nc1 Qb7 23. Qc2 Nd7 24. Bf1 Nf8 25. Bc4 Ne6 26. Re2 Nd4 27. Bxd4 cxd4 28. Bxb5 Qxb5 29. Qd3 Qd7 30. Kg2 Rc6 31. Qb5 Qc7 32. Nd3 Ra5 33. Qxc6 Qxc6 34. Rc1 Qb7 35. f3 g6 36. Rec2 Bd6 37. Rc6 Rxa2+ 38. Nf2 Ra6 39. Rc8+ Kg7 40. h4 Ra8 41. R8c6 Rd8 42. g4 Rd7 43. g5 Rc7 44. Rxc7 Bxc7 45. Ng4 Bd6 46. Nf6 Qa6 47. Ne8+ Kf8 48. Nf6 Ke7 49. Kf2 Kd8 50. Rc2 d3 51. Rc1 Qa2+ 52. Kg3 d2 0-1

[Event "CZE-chT2F 1819"]
[Site "Czech Republic"]
[Date "2019.03.17"]
[Round "10.6"]
[White "Cech, Tomas"]
[Black "Baier, Pavel"]
[Result "1/2-1/2"]
[WhiteElo "2157"]
[BlackElo "2099"]
[PlyCount "30"]
[EventDate "2018.10.14"]
[EventType "team-tourn"]
[EventRounds "11"]
[EventCountry "CZE"]
[SourceTitle "EXT 2022"]
[Source "ChessBase"]
[SourceDate "2021.10.06"]
[SourceVersion "1"]
[SourceVersionDate "2021.10.06"]
[SourceQuality "1"]
[WhiteTeam "Dobra"]
[BlackTeam "Havirov Banik"]
[WhiteTeamCountry "CZE"]
[BlackTeamCountry "CZE"]

1. d4 d5 2. Nf3 Nf6 3. c4 c6 4. g3 e6 5. Bg2 Be7 6. 0-0 0-0 7. Qc2 c5 8. cxd5 Nxd5 9. dxc5 Na6 10. a3 Nxc5 11. e4 Nf6 12. e5 Nd5 13. b4 Nd7 14. Bb2 a5 15. b5 a4 1/2-1/2

[Event "CZE-chT2F 1819"]
[Site "Czech Republic"]
[Date "2018.11.18"]
[Round "3.6"]
[White "Cech, Tomas"]
[Black "Dostal, Radim"]
[Result "0-1"]
[WhiteElo "2163"]
[BlackElo "1951"]
[PlyCount "76"]
[EventDate "2018.10.14"]
[EventType "team-tourn"]
[EventRounds "11"]
[EventCountry "CZE"]
[SourceTitle "EXT 2022"]
[Source "ChessBase"]
[SourceDate "2021.10.06"]
[SourceVersion "1"]
[SourceVersionDate "2021.10.06"]
[SourceQuality "1"]
[WhiteTeam "Dobra"]
[BlackTeam "Poruba Slavoj III"]
[WhiteTeamCountry "CZE"]
[BlackTeamCountry "CZE"]

1. d4 Nf6 2. Nf3 c5 3. e3 e6 4. Bd3 d5 5. b3 cxd4 6. exd4 Nc6 7. Bb2 Bd6 8. 0-0 0-0 9. Nbd2 Qc7 10. a3 e5 11. dxe5 Nxe5 12. Nxe5 Bxe5 13. Bxe5 Qxe5 14. c4 Bg4 15. Re1 Qf4 16. Qc2 Rac8 17. c5 Rfd8 18. b4 h6 19. Rac1 Qg5 20. g3 Qh5 21. f4 Re8 22. Bb5 Bf5 23. Qb2 Ng4 24. Nf1 Rxe1 25. Rxe1 Be4 26. Qe2 Qh3 27. Bd7 Nf2 28. Qxf2 Qxd7 29. Nd2 Re8 30. Nb3 Bf5 31. Nd4 Re4 32. Rxe4 dxe4 33. b5 Qd5 34. c6 bxc6 35. bxc6 Bh3 36. Qe3 Qc4 37. Ne2 Qxc6 38. Qxa7 e3 0-1

[Event "CZE-chT2F 1617"]
[Site "Czech Republic"]
[Date "2017.02.12"]
[Round "8.6"]
[White "Kubeczka, Ales"]
[Black "Cech, Tomas"]
[Result "1-0"]
[WhiteElo "2031"]
[BlackElo "2160"]
[PlyCount "67"]
[EventDate "2016.10.09"]
[EventType "team-tourn"]
[EventRounds "11"]
[EventCountry "CZE"]
[SourceTitle "EXT 2022"]
[Source "ChessBase"]
[SourceDate "2021.10.06"]
[SourceVersion "1"]
[SourceVersionDate "2021.10.06"]
[SourceQuality "1"]
[WhiteTeam "Havirov Slovan"]
[BlackTeam "Dobra"]
[WhiteTeamCountry "CZE"]
[BlackTeamCountry "CZE"]

1. c4 b6 2. Nf3 Bb7 3. g3 Bxf3 4. exf3 c5 5. d4 cxd4 6. Qxd4 Nc6 7. Qd1 g6 8. Nc3 Bg7 9. Ne4 f5 10. Nc3 Rc8 11. Bg5 h6 12. Bd2 Nf6 13. Rc1 0-0 14. b3 Kh7 15. Bg2 e6 16. 0-0 d5 17. f4 d4 18. Nb1 Ne4 19. Bxe4 fxe4 20. Re1 e3 21. fxe3 e5 22. exd4 exd4 23. Qg4 h5 24. Qh3 d3 25. Kh1 Bb2 26. Rcd1 Qd4 27. g4 Kg7 28. gxh5 Rh8 29. Qg2 Rxh5 30. Be3 Qf6 31. Rxd3 Re8 32. Rd7+ Kh8 33. Qxb2 Ne5 34. fxe5 1-0

[Event "CZE-chT2F 1617"]
[Site "Czech Republic"]
[Date "2016.10.23"]
[Round "2"]
[White "Cech, Tomas"]
[Black "Chytil, Petr"]
[Result "1/2-1/2"]
[WhiteElo "2160"]
[BlackElo "1894"]
[PlyCount "30"]
[EventDate "2016.10.09"]
[EventType "team-tourn"]
[EventRounds "11"]
[EventCountry "CZE"]
[SourceTitle "EXT 2022"]
[Source "ChessBase"]
[SourceDate "2021.10.06"]
[SourceVersion "1"]
[SourceVersionDate "2021.10.06"]
[SourceQuality "1"]
[WhiteTeam "Dobra"]
[BlackTeam "Velke Losiny"]
[WhiteTeamCountry "CZE"]
[BlackTeamCountry "CZE"]

1. d4 Nf6 2. Nf3 e6 3. g3 d5 4. Bg2 Nbd7 5. 0-0 Be7 6. c4 0-0 7. Qc2 dxc4 8. Qxc4 c5 9. Nc3 a6 10. dxc5 Bxc5 11. b4 Be7 12. b5 Nb6 13. Qb3 Nbd5 14. Bb2 Bd7 15. Rfd1 Qe8 1/2-1/2

[Event "CZE-chT2F 1314"]
[Site "Czech Republic"]
[Date "2014.02.16"]
[Round "8.56"]
[White "Musil, Vitezslav"]
[Black "Cech, Tomas"]
[Result "1/2-1/2"]
[WhiteElo "1987"]
[BlackElo "2163"]
[PlyCount "45"]
[EventDate "2013.11.03"]
[EventType "team-tourn"]
[EventRounds "11"]
[EventCountry "CZE"]
[SourceTitle "EXT 2016"]
[Source "ChessBase"]
[SourceDate "2015.10.08"]
[SourceVersion "1"]
[SourceVersionDate "2015.10.08"]
[SourceQuality "1"]
[WhiteTeam "Prerov II"]
[BlackTeam "Dobra"]
[WhiteTeamCountry "CZE"]
[BlackTeamCountry "CZE"]

1. e4 c6 2. Nc3 d5 3. Nf3 dxe4 4. Nxe4 Nf6 5. d3 Nxe4 6. dxe4 Qxd1+ 7. Kxd1 Bg4 8. c3 Nd7 9. Kc2 Bxf3 10. gxf3 e5 11. Bh3 Bc5 12. Be3 Bxe3 13. fxe3 Rd8 14. Rad1 Ke7 15. Rhg1 g6 16. Rg5 f6 17. Rg2 Nc5 18. Rgd2 Rxd2+ 19. Rxd2 Rd8 20. Rxd8 Kxd8 21. b4 Nd7 22. c4 b6 23. Kc3 1/2-1/2

[Event "CZE-chT2F 1213"]
[Site "Czech Republic"]
[Date "2013.03.03"]
[Round "10.18"]
[White "Fargac, Martin"]
[Black "Cech, Tomas"]
[Result "1-0"]
[WhiteElo "2069"]
[BlackElo "2167"]
[PlyCount "55"]
[EventDate "2012.10.14"]
[EventType "team-tourn"]
[EventRounds "11"]
[EventCountry "CZE"]
[SourceTitle "EXT 2016"]
[Source "ChessBase"]
[SourceDate "2015.10.08"]
[SourceVersion "1"]
[SourceVersionDate "2015.10.08"]
[SourceQuality "1"]
[WhiteTeam "Trinec II"]
[BlackTeam "Dobra"]
[WhiteTeamCountry "CZE"]
[BlackTeamCountry "CZE"]

1. c4 c5 2. Nc3 Nc6 3. g3 g6 4. Bg2 Bg7 5. d3 e5 6. a3 Nge7 7. Rb1 d6 8. b4 cxb4 9. axb4 0-0 10. e3 f5 11. Nge2 Be6 12. b5 Na5 13. Ba3 e4 14. dxe4 Nxc4 15. Bb4 a5 16. bxa6 Rxa6 17. 0-0 fxe4 18. Nxe4 Nd5 19. Nd4 Bf7 20. Qe2 Nxb4 21. Rxb4 Ne5 22. Rxb7 Ra2 23. Qb5 Bc4 24. Qb1 Qa5 25. Rc1 d5 26. Ne6 dxe4 27. Rxg7+ Kh8 28. Qb7 1-0

[Event "CZE-chT2F 1213"]
[Site "Czech Republic"]
[Date "2013.02.03"]
[Round "8.18"]
[White "Polach, Jiri"]
[Black "Cech, Tomas"]
[Result "1/2-1/2"]
[WhiteElo "2046"]
[BlackElo "2167"]
[PlyCount "39"]
[EventDate "2012.10.14"]
[EventType "team-tourn"]
[EventRounds "11"]
[EventCountry "CZE"]
[SourceTitle "EXT 2016"]
[Source "ChessBase"]
[SourceDate "2015.10.08"]
[SourceVersion "1"]
[SourceVersionDate "2015.10.08"]
[SourceQuality "1"]
[WhiteTeam "Albrechtice"]
[BlackTeam "Dobra"]
[WhiteTeamCountry "CZE"]
[BlackTeamCountry "CZE"]

1. c4 c5 2. Nc3 Nc6 3. g3 g6 4. Bg2 Bg7 5. e3 d6 6. Nge2 Nf6 7. 0-0 0-0 8. d4 cxd4 9. Nxd4 Bd7 10. b3 a6 11. Bb2 Rb8 12. Qd2 Nxd4 13. exd4 b5 14. c5 dxc5 15. dxc5 b4 16. Ne4 Nxe4 17. Bxe4 Bf5 18. Qxd8 Rfxd8 19. Bxg7 Bxe4 20. Bh6 1/2-1/2

[Event "CZE-chT2F 1213"]
[Site "Czech Republic"]
[Date "2012.12.02"]
[Round "4.18"]
[White "Vaclavik, David"]
[Black "Cech, Tomas"]
[Result "0-1"]
[WhiteElo "2021"]
[BlackElo "2167"]
[PlyCount "124"]
[EventDate "2012.10.14"]
[EventType "team-tourn"]
[EventRounds "11"]
[EventCountry "CZE"]
[SourceTitle "EXT 2016"]
[Source "ChessBase"]
[SourceDate "2015.10.08"]
[SourceVersion "1"]
[SourceVersionDate "2015.10.08"]
[SourceQuality "1"]
[WhiteTeam "Poruba VOKD"]
[BlackTeam "Dobra"]
[WhiteTeamCountry "CZE"]
[BlackTeamCountry "CZE"]

1. e4 c6 2. d4 d5 3. Nc3 dxe4 4. Nxe4 Nf6 5. Ng3 h5 6. h4 Bg4 7. Be2 Qc7 8. c3 e6 9. Bxg4 hxg4 10. Bg5 Nbd7 11. N1e2 Bd6 12. Qd3 c5 13. Ne4 Be7 14. 0-0-0 c4 15. Qc2 Nd5 16. Bxe7 Nxe7 17. Qa4 0-0 18. Ng5 Nd5 19. Qc2 N7f6 20. g3 b5 21. h5 b4 22. h6 g6 23. Ne4 Rab8 24. Nxf6+ Nxf6 25. Qd2 Nd5 26. Qg5 Kh7 27. Qe5 Qxe5 28. dxe5 Rb6 29. Rd4 Rfb8 30. Rxc4 bxc3 31. b3 Nb4 32. Nxc3 Nd3+ 33. Kc2 Nxe5 34. Rc7 Rc6 35. Rxc6 Nxc6 36. Ne4 Nb4+ 37. Kb2 Rb7 38. Nf6+ Kh8 39. Rd1 Nd5 40. Nxd5 exd5 41. Rxd5 Kh7 42. Kc3 Kxh6 43. b4 Kg7 44. a4 f6 45. b5 Kf7 46. Rd6 g5 47. Ra6 f5 48. Kd4 Re7 49. Kd5 f4 50. a5 f3 51. Kc6 Re2 52. Rxa7+ Ke6 53. Rc7 Rxf2 54. Kb7 Rg2 55. Rc1 Rxg3 56. a6 f2 57. Rf1 Rb3 58. a7 Rxb5+ 59. Ka6 Rb2 60. Ra1 Ra2+ 61. Rxa2 f1Q+ 62. Kb7 Qf3+ 0-1

[Event "CZE-chT2F 1112"]
[Site "Czech Republic"]
[Date "2012.01.08"]
[Round "5.58"]
[White "Briza, Jiri"]
[Black "Cech, Tomas"]
[Result "0-1"]
[WhiteElo "1938"]
[BlackElo "2155"]
[PlyCount "64"]
[EventDate "2011.10.09"]
[EventType "team-tourn"]
[EventRounds "11"]
[EventCountry "CZE"]
[SourceTitle "EXT 2013"]
[Source "ChessBase"]
[SourceDate "2012.11.22"]
[SourceVersion "1"]
[SourceVersionDate "2012.11.22"]
[SourceQuality "1"]
[WhiteTeam "Koprivnice Tatra"]
[BlackTeam "Dobra"]
[WhiteTeamCountry "CZE"]
[BlackTeamCountry "CZE"]

1. b3 d6 2. Bb2 Nf6 3. f4 e6 4. Nf3 Be7 5. e3 c5 6. Bb5+ Bd7 7. Bxd7+ Qxd7 8. 0-0 Nc6 9. a3 0-0 10. d3 b5 11. Qe2 a6 12. Nbd2 Nd5 13. Ne4 f5 14. Neg5 h6 15. Nh3 Bf6 16. Bxf6 Nxf6 17. Rad1 Rae8 18. Qd2 Qc7 19. Nh4 Qb6 20. Kh1 d5 21. Nf2 Rd8 22. Ng6 Rfe8 23. Qe2 e5 24. Qf3 e4 25. Qh3 d4 26. Rfe1 dxe3 27. Rxe3 Nd5 28. Ree1 e3 29. Ng4 fxg4 30. Qxg4 Nd4 31. c4 e2 32. Rd2 Ne3 0-1

[Event "CZE-chT2F 0910"]
[Site "Czech Republic"]
[Date "2009.10.18"]
[Round "1.7"]
[White "Cech, Tomas"]
[Black "Gil, Karel"]
[Result "1-0"]
[WhiteElo "2153"]
[BlackElo "1979"]
[PlyCount "99"]
[EventDate "2009.10.18"]
[EventType "team-tourn"]
[EventRounds "11"]
[EventCountry "CZE"]
[SourceTitle "EXT 2012"]
[Source "ChessBase"]
[SourceDate "2011.11.24"]
[SourceVersion "1"]
[SourceVersionDate "2011.11.24"]
[SourceQuality "1"]
[WhiteTeam "Dobra"]
[BlackTeam "Havirov"]
[WhiteTeamCountry "CZE"]
[BlackTeamCountry "CZE"]

1. d4 d5 2. Nf3 Nf6 3. c4 e6 4. g3 Be7 5. Bg2 dxc4 6. 0-0 0-0 7. Qc2 a6 8. a4 Nbd7 9. Nbd2 c5 10. dxc5 Bxc5 11. Nxc4 Qe7 12. Bf4 Ra7 13. Rad1 b5 14. Bd6 Bxd6 15. Nxd6 Nb6 16. axb5 Rc7 17. Qb3 axb5 18. Nxb5 Rc5 19. Nfd4 Bd7 20. Nc3 Nc4 21. Qb4 Re8 22. b3 Ne5 23. Ne4 Nxe4 24. Bxe4 Kf8 25. Rc1 Rec8 26. Rxc5 Qxc5 27. Qxc5+ Rxc5 28. Ra1 f5 29. Bb7 Nf7 30. f4 Nd6 31. Bf3 e5 32. fxe5 Rxe5 33. Ra7 Ke8 34. Nc6 Bxc6 35. Bxc6+ Kf8 36. Kf2 Rc5 37. Ra6 Ke7 38. b4 Rc3 39. b5 h5 40. Ra8 Rc5 41. Rb8 Kf7 42. Ke3 Re5+ 43. Kd3 Kf6 44. b6 Rc5 45. Bf3 Rb5 46. Bxh5 g5 47. Bf3 Ke7 48. b7 Kd7 49. Rg8 g4 50. b8Q 1-0

[Event "CZE-chT2f 0607"]
[Site "Czech Republic"]
[Date "2007.02.24"]
[Round "8.6"]
[White "Cech, Tomas"]
[Black "Kana, Zdenek"]
[Result "1/2-1/2"]
[WhiteElo "2141"]
[BlackElo "2163"]
[PlyCount "24"]
[EventDate "2006.10.14"]
[EventType "team"]
[EventRounds "11"]
[EventCountry "CZE"]
[SourceTitle "EXT 2009"]
[Source "ChessBase"]
[SourceDate "2008.11.26"]
[SourceVersion "1"]
[SourceVersionDate "2008.11.26"]
[SourceQuality "1"]

1. d4 Nf6 2. Nf3 d5 3. c4 c6 4. Nc3 g6 5. cxd5 cxd5 6. Qa4+ Nc6 7. Bf4 Bg7 8. e3 0-0 9. Bb5 Bd7 10. 0-0 a6 11. Bxc6 Bxc6 12. Qb3 e6 1/2-1/2

[Event "CZE-chT2f 0506"]
[Site "Czech Republic"]
[Date "2006.04.09"]
[Round "11.4"]
[White "Cech, Tomas"]
[Black "Hromada, Vaclav"]
[Result "1-0"]
[WhiteElo "2165"]
[BlackElo "2154"]
[PlyCount "73"]
[EventDate "2005.10.16"]
[EventType "team"]
[EventRounds "11"]
[EventCountry "CZE"]
[SourceTitle "EXT 2009"]
[Source "ChessBase"]
[SourceDate "2008.11.26"]
[SourceVersion "1"]
[SourceVersionDate "2008.11.26"]
[SourceQuality "1"]

1. d4 d5 2. Nf3 Nf6 3. c4 e6 4. g3 Be7 5. Bg2 0-0 6. 0-0 b6 7. Nc3 Bb7 8. Ne5 Nbd7 9. Qa4 Nxe5 10. dxe5 Nd7 11. cxd5 Nc5 12. Qc4 exd5 13. Nxd5 c6 14. Nf4 Qc7 15. e6 Qe5 16. exf7+ Rxf7 17. Qc2 Bf6 18. Nd3 Nxd3 19. exd3 Rd8 20. Rb1 Qd6 21. Be4 Qe6 22. b4 Bd4 23. Be3 Qf6 24. Qc4 h5 25. h4 Qd6 26. Bf4 Qd7 27. Bg6 Rdf8 28. Rbe1 c5 29. Bxf7+ Rxf7 30. bxc5 Qc6 31. Re4 bxc5 32. Qe6 Qxe6 33. Rxe6 Bd5 34. Re8+ Kh7 35. Be3 Bxa2 36. Bxd4 cxd4 37. Ra1 1-0

[Event "CZE-chT2f 0506"]
[Site "Czech Republic"]
[Date "2006.02.12"]
[Round "7.5"]
[White "Antoshik, Alois"]
[Black "Cech, Tomas"]
[Result "1-0"]
[WhiteElo "2256"]
[BlackElo "2165"]
[PlyCount "127"]
[EventDate "2005.10.16"]
[EventType "team"]
[EventRounds "11"]
[EventCountry "CZE"]
[SourceTitle "EXT 2009"]
[Source "ChessBase"]
[SourceDate "2008.11.26"]
[SourceVersion "1"]
[SourceVersionDate "2008.11.26"]
[SourceQuality "1"]

1. e4 c6 2. Nc3 d5 3. Nf3 dxe4 4. Nxe4 Nf6 5. Ng3 h5 6. Bc4 h4 7. Ne2 Bf5 8. h3 e6 9. d3 Bb4+ 10. c3 Be7 11. Ned4 Bg6 12. Ne5 Bh5 13. Qb3 Nbd7 14. Nxd7 Qxd7 15. 0-0 Nd5 16. Re1 0-0 17. Bxd5 cxd5 18. Bf4 g5 19. Bh2 Bc5 20. Nf3 Bxf3 21. gxf3 Bd6 22. Bxd6 Qxd6 23. Qa4 Kg7 24. Qg4 Kh6 25. Kh1 Rg8 26. d4 Rg6 27. Re5 f5 28. Qg2 Rag8 29. Qh2 Qb6 30. Re2 Kh5 31. Qe5 Qa6 32. a3 Qd3 33. Kg2 Kh6 34. Rae1 g4 35. Qe3+ Qxe3 36. Rxe3 gxf3+ 37. Kxf3 Re8 38. Re5 Kg5 39. Rxd5 exd5 40. Rxe8 Rb6 41. Re2 a5 42. a4 Rb3 43. Ke3 b5 44. f4+ Kf6 45. axb5 Rxb5 46. Kd3 Rb8 47. Re5 Rxb2 48. Rxd5 Rf2 49. Rxa5 Rxf4 50. Ra6+ Ke7 51. Ke3 Rf1 52. Rh6 Rg1 53. c4 Rg3+ 54. Kf4 Rxh3 55. Kxf5 Rh1 56. c5 h3 57. Rh7+ Kf8 58. c6 h2 59. c7 Rc1 60. Ke6 Rxc7 61. Rh8+ Kg7 62. Rxh2 Rc1 63. Rf2 Re1+ 64. Kd6 1-0

[Event "CZE-chT2f 0506"]
[Site "Czech Republic"]
[Date "2005.12.04"]
[Round "4.5"]
[White "Cech, Tomas"]
[Black "Kopec, Ladislav"]
[Result "1/2-1/2"]
[WhiteElo "2165"]
[BlackElo "2185"]
[PlyCount "129"]
[EventDate "2005.10.16"]
[EventType "team"]
[EventRounds "11"]
[EventCountry "CZE"]
[SourceTitle "EXT 2009"]
[Source "ChessBase"]
[SourceDate "2008.11.26"]
[SourceVersion "1"]
[SourceVersionDate "2008.11.26"]
[SourceQuality "1"]

1. d4 Nf6 2. Nf3 g6 3. g3 Bg7 4. Bg2 d6 5. 0-0 0-0 6. b3 c5 7. Bb2 Nc6 8. c4 cxd4 9. Nxd4 Bd7 10. Nc3 Qa5 11. e3 Rfc8 12. Qe2 Rab8 13. Rfd1 Bg4 14. Bf3 Qh5 15. Bxg4 Nxg4 16. f3 Nf6 17. Kg2 a6 18. Nxc6 bxc6 19. Na4 Nd7 20. Bxg7 Kxg7 21. Rac1 Qe5 22. Qd3 Rd8 23. Qd4 Qf6 24. Qxf6+ Kxf6 25. f4 Ke6 26. e4 f5 27. Kf3 Nf6 28. exf5+ gxf5 29. h3 Rg8 30. Nc3 Kf7 31. Re1 Rg7 32. Re3 Rbg8 33. Kf2 h5 34. Rce1 Kf8 35. a3 h4 36. gxh4 Rg2+ 37. Kf1 R8g7 38. Rd1 Rh2 39. Rf3 Rgg2 40. b4 Rc2 41. Kg1 Rhg2+ 42. Kh1 Kf7 43. a4 Nh5 44. Rdd3 Rh2+ 45. Kg1 Rcg2+ 46. Kf1 Rb2 47. Kg1 Rhg2+ 48. Kf1 Rgc2 49. b5 cxb5 50. cxb5 axb5 51. axb5 Rc1+ 52. Rd1 Rxd1+ 53. Nxd1 Rxb5 54. Ne3 e6 55. Ke2 Rb4 56. Ng2 Kf6 57. Kd3 Ra4 58. Ke2 d5 59. Kd3 Ra3+ 60. Ke2 Ng3+ 61. Kf2 Ne4+ 62. Ke2 Ra2+ 63. Kf1 Nd2+ 64. Kf2 Nxf3+ 65. Kxf3 1/2-1/2

[Event "CZE-chT2f 0506"]
[Site "Czech Republic"]
[Date "2005.11.20"]
[Round "3.5"]
[White "Cech, Tomas"]
[Black "Mayerhofer, Horst"]
[Result "0-1"]
[WhiteElo "2165"]
[BlackElo "2164"]
[PlyCount "92"]
[EventDate "2005.10.16"]
[EventType "team"]
[EventRounds "11"]
[EventCountry "CZE"]
[SourceTitle "EXT 2009"]
[Source "ChessBase"]
[SourceDate "2008.11.26"]
[SourceVersion "1"]
[SourceVersionDate "2008.11.26"]
[SourceQuality "1"]

1. d4 Nf6 2. Nf3 e6 3. g3 c5 4. Bg2 Nc6 5. 0-0 d5 6. c4 cxd4 7. Nxd4 Bc5 8. Nb3 Bb6 9. Nc3 d4 10. Ne4 Nxe4 11. Bxe4 0-0 12. c5 Bc7 13. Bxc6 bxc6 14. Qxd4 Qe7 15. Qa4 a5 16. Qxc6 Ra6 17. Qb5 a4 18. Nd4 Ra5 19. Qb4 Rxc5 20. Be3 Bd6 21. Nb5 Rxb5 22. Qxb5 Bd7 23. Qd3 Bc6 24. Rfd1 Bd5 25. Qd4 Ra8 26. Rac1 Qe8 27. Rd3 Be7 28. Bf4 f5 29. Be5 Qh5 30. f3 Bd8 31. Bxg7 Qg5 32. Qc5 Kxg7 33. e4 Bb6 34. Qxb6 Qxc1+ 35. Kf2 Qc2+ 36. Ke3 fxe4 37. fxe4 Qc1+ 38. Kf2 Qc2+ 39. Ke3 Qc1+ 40. Ke2 Bc4 41. Qb7+ Kg6 42. Qxa8 Qc2+ 43. Kf3 Qxd3+ 44. Kg4 Qe2+ 45. Kf4 Qf2+ 46. Ke5 Qxb2+ 0-1

[Event "Pobeskydy Alpress 15th"]
[Site "Frydek Mistek"]
[Date "2004.04.11"]
[Round "7"]
[White "Zelenka, Milan"]
[Black "Cech, Tomas"]
[Result "1-0"]
[WhiteElo "2150"]
[BlackElo "2194"]
[PlyCount "100"]
[EventDate "2004.04.08"]
[EventType "swiss"]
[EventRounds "9"]
[EventCountry "CZE"]
[SourceTitle "EXT 2006"]
[Source "ChessBase"]
[SourceDate "2005.11.24"]
[SourceVersion "1"]
[SourceVersionDate "2005.11.24"]
[SourceQuality "1"]

1. d4 c5 2. c3 b6 3. e4 Bb7 4. Bd3 Nf6 5. Nd2 e6 6. Ngf3 cxd4 7. cxd4 Nc6 8. a3 Be7 9. 0-0 0-0 10. Re1 d6 11. b4 Re8 12. Bb2 a5 13. b5 Nb8 14. a4 Nbd7 15. Rc1 Bf8 16. Qb3 Rc8 17. Ba3 h6 18. Bb1 Be7 19. Qd3 Nf8 20. Rxc8 Qxc8 21. Rc1 Qb8 22. Qe2 Ng6 23. g3 Nd7 24. h4 d5 25. Bxe7 Nxe7 26. e5 Rc8 27. Qd1 Rc7 28. Rxc7 Qxc7 29. Qc2 Qxc2 30. Bxc2 f6 31. Kf1 Kf7 32. Ke2 Nf8 33. Ne1 Nd7 34. f4 f5 35. h5 g6 36. hxg6+ Nxg6 37. Kf2 Bc8 38. Ng2 Ndf8 39. Bd1 Ke7 40. Nf1 Bd7 41. Nfe3 Kf7 42. Bh5 Kg7 43. Nd1 Ne7 44. Nc3 Nfg6 45. Ne3 Be8 46. g4 fxg4 47. f5 exf5 48. Nexd5 Nc8 49. Nd1 Bf7 50. Bxg6 Bxg6 1-0